00819nas a2200229Ia 4500001001100000003000900011008004100020040001300061040001300074041001300087100005400100210001100154222001100165245012600176250001100302260002800313501008600341300000900427362003600436500007800472650003900550R702/75285IT-RoPAU151124c99999999xx |||||||||||| ||und|| aIT-RoPAU cIT-RoPAU aFRANCESE aDeledalle-Rhodes JanicegCodice Aut. SPICS: 26163 aDEGRES aDegres aDEGRES, N.054/055 (ESTATE/AUTUNNO 1988)bSemiotique Figurative Versus Semiotique Objective: un Carrefour Epistemologique? a1a ed. aBRUXELLESbDEGRESc1988 bPaulus - SPICS - Società San Paolo EM (non-commercial uses only)cCopyright2015 a7 p. aN.054/055 (ESTATE/AUTUNNO 1988) aSemiotica Figurativa Versus Semiotica Oggettiva: Crocevia Epistemologico? aSEMIOTICAvPUBBLICAZIONE PERIODICA